Trees and buildings: complement or conflict. This publication is based on the proceedings of a conference organised by The TreeCouncil and the Royal Institute of British Architects and held at RIBA, 66 Portland Place, London, W1 on 7 March 1979, The Landscape Institute (Record no. 92329)

MARC details
000 -LEADER
fixed length control field 00807cam a2200193 4500
001 - CONTROL NUMBER
control field D843
008 - FIXED-LENGTH DATA ELEMENTS--GENERAL INFORMATION
fixed length control field 090401t1979 xxu||||| |||| 00| 0 eng d
035 ## - SYSTEM CONTROL NUMBER
System control number (Sirsi) u48401
041 ## - LANGUAGE CODE
Language code of text/sound track or separate title eng
050 ## - LIBRARY OF CONGRESS CALL NUMBER
Classification number 690.25
100 ## - MAIN ENTRY--PERSONAL NAME
Personal name Aldous, Tony (ed)
245 ## - TITLE STATEMENT
Title Trees and buildings: complement or conflict. This publication is based on the proceedings of a conference organised by The TreeCouncil and the Royal Institute of British Architects and held at RIBA, 66 Portland Place, London, W1 on 7 March 1979, The Landscape Institute
260 ## - PUBLICATION, DISTRIBUTION, ETC.
Place of publication, distribution, etc. London
Name of publisher, distributor, etc. RIBA Publications/The Tree Council
Date of publication, distribution, etc. 1979
300 ## - PHYSICAL DESCRIPTION
Extent 95p. ill. 20cm
350 ## - PRICE (NR) (BK AM CF MU VM SE) [OBSOLETE]
Price 2.95
520 ## - SUMMARY, ETC.
Summary, etc. The Landscape Institute, RICS and The Royal Town Planning Institute were also associated with the conference.
942 ## - ADDED ENTRY ELEMENTS (KOHA)
Suppress in OPAC 0
948 ## - LOCAL PROCESSING INFORMATION (OCLC); SERIES PART DESIGNATOR (RLIN)
c (OCLC) 04/03/1997
Holdings
Withdrawn status Lost status Source of classification or shelving scheme Damaged status Not for loan Home library Current library Shelving location Date acquired Cost, normal purchase price Total Checkouts Full call number Barcode Date last seen Date last checked out Copy number Cost, replacement price Price effective from Koha item type
    Dewey Decimal Classification     London London Books 14/09/1999 2.95 3 690.25 30026675 06/08/2019 25/09/2002 1 2.95 06/08/2019 Book